000 00613nam a2200205 a 4500
001 BRCA_3842
005 20190320204439.0
008 111209s1892----be-a######---#000-0#fre-#
041 _afre
044 _abe
050 4 _aF1233
_b.S65 1892
100 1 _aSmissen, Alfred Louis Adolphe Graves
_cbaron van der.
_910006
245 1 0 _aSouvenirs du Mexique, 1864-1867
_cpar le general baron van der Smissen.
260 _aBruxelles
_bJ. Lebegue
_c1892
300 _a232 p.
_bil.
_c21 cm.
500 _aB187
651 4 _aMéxico
_vHistoria
_xIntervención francesa
_y1861-1867.
_910007
902 _aGFM
942 _2lcc
_cB
999 _c3570
_d3570